| 000 | 03162cam a2200601Ki 4500 | ||
|---|---|---|---|
| 999 |
_c200454296 _d72508 |
||
| 001 | 200454296 | ||
| 003 | TR-AnTOB | ||
| 005 | 20241115101531.0 | ||
| 006 | m o d | ||
| 007 | cr cnu---unuuu | ||
| 008 | 230824t20172017nju ob 001 0 eng d | ||
| 020 |
_a9781119424291 _q(e-book) |
||
| 020 |
_a1119424291 _q(e-book) |
||
| 020 |
_a9781119424314 _q(e-book) |
||
| 020 |
_a1119424313 _q(e-book) |
||
| 020 | _z9781119272953 | ||
| 020 | _z1119272955 | ||
| 035 | _a(OCoLC)983797287 | ||
| 035 | _a(TR-AnTOB)200454296 | ||
| 040 |
_aN$T _beng _erda _epn _cN$T _dOCLCO _dYDX _dEBLCP _dUIU _dIDEBK _dDG1 _dSTF _dOCLCO _dMERER _dOCLCF _dOCLCO _dOTZ _dCHVBK _dOCLCQ _dUPM _dCOO _dUAB _dOCL _dOCLCO _dOCLCQ _dTR-AnTOB |
||
| 041 | 0 | _aeng | |
| 060 | 1 | 0 |
_aWR 17 _bH632 2017 |
| 072 | 7 |
_aHEA _x039000 _2bisacsh |
|
| 072 | 7 |
_aMED _x014000 _2bisacsh |
|
| 072 | 7 |
_aMED _x022000 _2bisacsh |
|
| 072 | 7 |
_aMED _x112000 _2bisacsh |
|
| 072 | 7 |
_aMED _x045000 _2bisacsh |
|
| 096 |
_aWR17 _bH632 2017EBK |
||
| 130 | 0 |
_aHidradenitis suppurativa (Micali) _9143317 |
|
| 245 | 1 | 0 |
_aHidradenitis suppurativa : _ba diagnostic atlas / _cedited by Giuseppe Micali. |
| 250 | _aFirst edition. | ||
| 264 | 1 |
_aHoboken, NJ : _bWiley, _c2017. |
|
| 264 | 4 | _c©2017 | |
| 300 | _a1 online resource | ||
| 336 |
_atext _btxt _2rdacontent |
||
| 337 |
_acomputer _bc _2rdamedia |
||
| 338 |
_aonline resource _bcr _2rdacarrier |
||
| 340 |
_2rdacc _0http://rdaregistry.info/termList/RDAColourContent/1003 |
||
| 504 | _aBIBINDX | ||
| 505 | 0 | _aEpidemiology and pathogenesis / Vincenzo Bettoli and Giulia Ruina -- Clinical features and diagnostic clues / Maria Letizia Musumeci, Maria Rita Nasca, Piera Catalfo, Karishma Bhatt, and Giuseppe Micali -- Histopathology / Franco Rongioletti -- Classification and severity scales / Giuseppe Monfrecola and Matteo Megna -- Correlation between severity and its impact on quality of life / Nevena Skroza and Maria Concetta Potenza -- Comorbidities and complex syndromes / Gabriella Fabbrocini and Valerio De Vita -- Complications / Teresa Oranges, Valentina Dini, Andrea Chiricozzi, Salvatore Panduri, and Marco Romanelli -- Ultrasound imaging / Antonio Martorell -- Radiological imaging / Giuseppe Petrillo, Stefano Palmucci, and Claudia Trombatore -- Skin imaging : dematoscopy and videodermatoscopy / Francesco Lacarrubba, Anna Elisa Verzì, Federica Fiorentini, and Giuseppe Micali -- Differential diagnosis / Stefano Veraldi, Elena Guanziroli, and Mauro Barbareschi | |
| 650 | 0 |
_aSkin _xDiseases _xDiagnosis _vAtlases |
|
| 650 | 2 |
_aHidradenitis Suppurativa _xdiagnosis _9143318 |
|
| 655 | 2 |
_aAtlas _9143319 |
|
| 655 | 0 |
_aElectronic books _92032 |
|
| 655 | 7 |
_aScientific atlases. _2fast |
|
| 655 | 7 |
_aAtlases. _2lcgft |
|
| 700 | 1 |
_aMicali, Giuseppe _eeditor _9143320 |
|
| 776 | 0 | 8 |
_iPrint version: _aHidradenitis suppurativa (Micali). _tHidradenitis suppurativa. _bFirst edition. _dHoboken, NJ : Wiley, 2017 _z9781119272953 _w(DLC) 2017011126 _w(OCoLC)975247045 |
| 856 | 4 | 0 |
_3Wiley Online Library _zOnline access link to the resource _uhttps://onlinelibrary.wiley.com/doi/book/10.1002/9781119424291 |
| 942 |
_2NLM _cEBK |
||